Statistics for King Von Charting Songs (Billboard Hot 100)

Click here to take the quiz!

General Stats

  • This quiz has been taken 161 times
    (100 since last reset)
  • The average score is 5 of 11

Answer Stats

AlbumWeeks OnPeakArtist(s)Song% Correct
Levon James8 Weeks#47King VonTook Her to the O
84%
What It Means to Be King5 Weeks#40King Von & 21 SavageDon't Play That
70%
Welcome to O'Block1 Week#66King Von ft. Polo GThe Code
57%
The Voice12 Weeks#53Lil Durk & King VonStill Trappin'
45%
What It Means to Be King1 Week#96King Von & Lil DurkEvil Twins
39%
What It Means to Be King1 Week#73King VonWar
38%
What It Means to Be King1 Week#92King Von ft. G HerboFaceTime
36%
Welcome to O'Block1 Week#77King Von ft. Lil DurkAll These Niggas
33%
What It Means to Be King1 Week#93King Von ft. Fivio ForeignStraight To It
25%
What It Means to Be King1 Week#97King Von ft. Moneybagg YoTrust Nothing
20%
Grandson, Vol. 11 Week#81King Von ft. Lil DurkCrazy Story 2.0
17%

Score Distribution

Percentile by Number Answered

Percent of People with Each Score

Your Score History

You have not taken this quiz since the last reset